Pensamiento político contemporáneo / (Registro nro. 4960)
[ vista simple ]
| 000 -LEADER | |
|---|---|
| fixed length control field | 00857nam a2200229Ia 4500 |
| 003 - CONTROL NUMBER IDENTIFIER | |
| control field | OSt |
| 005 - DATE AND TIME OF LATEST TRANSACTION | |
| control field | 20200414123430.0 |
| 008 - FIXED-LENGTH DATA ELEMENTS--GENERAL INFORMATION | |
| fixed length control field | 191128s1985 ck gr 000 0dspa d |
| 040 ## - CATALOGING SOURCE | |
| Original cataloging agency | CO-JMCR |
| Transcribing agency | CO-JMCR |
| 041 0# - LANGUAGE CODE | |
| Language code of text/sound track or separate title | spa |
| 082 04 - DEWEY DECIMAL CLASSIFICATION NUMBER | |
| Classification number | 302.04 / |
| Item number | P353p |
| 100 1# - MAIN ENTRY--PERSONAL NAME | |
| Personal name | Pinilla Pinilla, Luis, |
| Relator term | Compilador |
| 9 (RLIN) | 2989 |
| 245 10 - TITLE STATEMENT | |
| Title | Pensamiento político contemporáneo / |
| Statement of responsibility, etc. | Luis Pinilla Pinilla |
| 260 ## - PUBLICATION, DISTRIBUTION, ETC. | |
| Place of publication, distribution, etc. | Bogotá : |
| Name of publisher, distributor, etc. | Imprenta Distrital, |
| Date of publication, distribution, etc. | 1985 |
| 300 ## - PHYSICAL DESCRIPTION | |
| Extent | 187 páginas ; |
| Dimensions | 24 cm. |
| 490 0# - SERIES STATEMENT | |
| Series statement | Pensadores políticos Colombianos |
| 500 ## - GENERAL NOTE | |
| General note | Bibliografía: Paginas 185 - 187. |
| 505 ## - FORMATTED CONTENTS NOTE | |
| Formatted contents note | Algunos conceptos iniciales -- La participación política y las organizaciones populares -- Los sindicatos -- Las cooperativas -- Otras organizaciones populares |
| 650 14 - SUBJECT ADDED ENTRY--TOPICAL TERM | |
| Topical term or geographic name entry element | Hacienda pública municipal |
| 9 (RLIN) | 2990 |
| 650 24 - SUBJECT ADDED ENTRY--TOPICAL TERM | |
| Topical term or geographic name entry element | Derecho fiscal |
| 9 (RLIN) | 2991 |
| 942 ## - ADDED ENTRY ELEMENTS (KOHA) | |
| Source of classification or shelving scheme | Dewey Decimal Classification |
| Koha item type | Books |
| Withdrawn status | Lost status | Source of classification or shelving scheme | Materials specified (bound volume or other part) | Damaged status | Not for loan | Home library | Current library | Shelving location | Date acquired | Source of acquisition | Cost, normal purchase price | Total Checkouts | Full call number | Barcode | Date last seen | Copy number | Price effective from | Koha item type |
|---|---|---|---|---|---|---|---|---|---|---|---|---|---|---|---|---|---|---|
| Dewey Decimal Classification | Donación--15/04/2018-- | Biblioteca Pública José María del Castillo y Rada | Biblioteca Pública José María del Castillo y Rada | General Stacks | 11/28/2019 | Donación | 0.00 | 302.04 / P353p | 430001068 | 05/16/2024 | Ej.1 | 11/28/2019 | Books |